Mi biblioteca : (Record no. 180726)

MARC details
000 -LEADER
campo de control de longitud fija 01215nas a2200337 i 4500
001 - NÚMERO DE CONTROL
campo de control 180726
003 - IDENTIFICADOR DE NÚMERO DE CONTROL
campo de control ES-MaACL
005 - FECHA Y HORA DE LA ÚLTIMA TRANSACCIÓN
campo de control 20250618142926.0
008 - DATOS DE LONGITUD FIJA--INFORMACIÓN GENERAL
campo de control de longitud fija 120705c2005 sp qryp 0 b|spa d
022 ## - NÚMERO INTERNACIONAL NORMALIZADO PARA PUBLICACIONES SERIADAS
Número Internacional Normalizado para Publicaciones Seriadas 1699-3411
080 ## - NÚMERO DE LA CLASIFICACIÓN DECIMAL UNIVERSAL
Número de la Clasificación Decimal Universal 027
245 00 - MENCIÓN DEL TÍTULO
Título Mi biblioteca :
Resto del título la revista del mundo bibliotecario.
260 ## - PUBLICACIÓN, DISTRIBUCIÓN, ETC.
Lugar de publicación, distribución, etc. Málaga :
Nombre del editor, distribuidor, etc. Fundación Alonso Quijano,
Fecha de publicación, distribución, etc. [2005-]
300 ## - DESCRIPCIÓN FÍSICA
Extensión 7 v. :
Otras características físicas il. col. y n. ;
Dimensiones 30 cm.
310 ## - PERIODICIDAD ACTUAL
Periodicidad actual Trimestral
362 0# - FECHAS DE PUBLICACIÓN Y/O DESIGNACIÓN SECUENCIAL
Fecha de publicación y/o designación secuencial Año 1, n. 1 (abril 2005)-
500 ## - NOTA GENERAL
Nota general Tít. tomado de cub.
530 ## - NOTA DISPONIBLE DE FORMULARIO FÍSICO ADICIONAL
Nota de formato físico adicional disponible Disponible en formato digital.
594 ## - Nota al título y mención de responsabilidad
Nota al título y mención de responsabilidad Director, Raúl Cremades García.
650 #4 - PUNTO DE ACCESO ADICIONAL DE MATERIA--TÉRMINO DE MATERIA
Término de materia o nombre geográfico como elemento de entrada Bibliotecas.
9 (RLIN) 188814
655 #7 - TERMINO DE INDIZACIÓN--GENERO/FORMA
Fuente del término tgfbne
9 (RLIN) 226866
Datos o término principal de género/forma Revistas
700 1# - ENTRADA AGREGADA--NOMBRE PERSONAL
Nombre de persona Cremades, Raúl,
Fechas asociadas al nombre 1966-
9 (RLIN) 150842
710 2# - ENTRADA AGREGADA--NOMBRE DE ENTIDAD CORPORATIVA
Nombre de entidad corporativa o nombre de jurisdicción como elemento de entrada Fundación Alonso Quijano.
9 (RLIN) 150841
852 4# - LOCALIZACIÓN
Ubicación ES-MaACL
Número de control de estantería HEM-2107
itemnumber 187643
Ubicación en estantería Hemeroteca
856 4# - LOCALIZACIÓN Y ACCESO ELECTRÓNICOS
Materiales especificados 2005-2013
Identificador Uniforme de Recursos <a href="https://gredos.usal.es/handle/10366/143162">https://gredos.usal.es/handle/10366/143162</a>
Nota pública Repositorio Gredos de la Universidad de Salamanca
856 4# - LOCALIZACIÓN Y ACCESO ELECTRÓNICOS
Identificador Uniforme de Recursos <a href="https://dialnet.unirioja.es/servlet/revista?codigo=6521">https://dialnet.unirioja.es/servlet/revista?codigo=6521</a>
Texto de enlace Sumarios de la revista en Dialnet
866 #0 - MENCIÓN TEXTUAL DE FONDOS--UNIDAD BIBLIOGRÁFICA BÁSICA
Fondos 2005-2013.
942 ## - ELEMENTOS DE ENTRADA SECUNDARIOS (KOHA)
Fuente del sistema de clasificación o colocación Clasificación decimal universal
Tipo de ítem Koha Revista
Holdings
Estatus retirado Estado de pérdida Fuente del sistema de clasificación o colocación Estado de daño No para préstamo Colección Biblioteca de origen Biblioteca actual Ubicación en estantería Fecha de adquisición Total de préstamos Signatura topográfica completa Código de barras Visto por última vez Precio de reemplazo Tipo de ítem Koha
    Clasificación decimal universal     Biblioteca profesional Biblioteca del Ateneo de Madrid Biblioteca del Ateneo de Madrid Hemeroteca 05/07/2012   HEM-2107 1189914 23/02/2023 23/02/2023 Revista